Loading...
| Fine Arts - Other | 0 | 4 | 0 | 1 | 40 | 98 | 120.75 | 0 | 3 | 4.97 | 19.70 |
| Fine Arts - Classical Music | 0 | 3 | 0 | 0 | 30 | 91 | 107.67 | 3 | 3 | 4.32 | 25.76 |
| Religion | 0 | 2 | 1 | 0 | 15 | 59 | 76.00 | 1 | 2 | 7.88 | 16.67 |
| Philosophy | 0 | 1 | 0 | 0 | 10 | 73 | 73.00 | 0 | 1 | 3.82 | 6.06 |
| Fine Arts - Painting and Sculpture | 0 | 1 | 0 | 0 | 10 | 118 | 118.00 | 0 | 1 | 1.64 | 7.58 |
| Literature - World | 0 | 1 | 0 | 0 | 10 | 146 | 146.00 | 0 | 0 | 0.00 | 1.52 |
| Science - Physics | 0 | 0 | 0 | 0 | 0 | 0.00 | 0 | 0 | 0.00 | 0.00 | |
| Literature - American | 0 | 0 | 0 | 0 | 0 | 0.00 | 0 | 0 | 0.00 | 0.00 | |
| Literature - British | 0 | 0 | 0 | 0 | 0 | 0.00 | 0 | 0 | 0.00 | 0.00 |